Istina mesačník Bratstva pravoslávnej mládeže na Slovensku - Syndesmos

Bibliographic Details
Other Authors: Soroka, Peter, ThDr (Publishing director), Kundis, Marek (Publishing director), Kimaková, Lenka (Publishing director), Pilko, Ján, 1980- (Publishing director), Dercová, Anna (Publishing director), Polakovič Peter (Publishing director), Knap, Miroslav (Publishing director), Hopta, Maroš (Publishing director), Petrovajová, Zuzana (Publishing director), Kurťak, Kamil (Publishing director)
Format: Journal
Language:Slovak
Ukrainian
PhysicalDescription:zv. 21 cm
Published: Prešov Bratstvo pravoslávnej mládeže na Slovensku - SYNDESMOS 1994-
ISSN:1335-6739
Subjects:
Online Access:www.bpmorthodox.sk/istina
https://pcostrazske.mkpe.sk/bibliografia/kompletne-cisla-vo-formate-pdf/

MARC

LEADER 00000cas a2200000 a 4500
001 vtls008881315
003 SK-MaSNL
005 20260228162140.0
008 141119c19949999xo mr p 0 0 b0slo
022 |a 1335-6739 
035 |a (SVKBB03)vtls000062436 
040 |a SVKBB  |b slo  |c SVKBB  |d SAVUK  |d SNK  |e AACR2 
041 0 |a slo  |a ukr 
044 |a xo  |c SK 
072 7 |a 271.2  |x Pravoslávna cirkev. Východná pravoslávna cirkev. Ruské a grécke pravoslávne cirkvi  |2 konspekt 
080 |a 271.2-7  |2 2011 
080 |a 316.346.32-053.6  |2 2011 
080 |a 27-4  |2 2011 
080 |a 050  |2 2011 
080 |a 2(051)  |2 2011 
210 0 |a Istina  |b (Prešov) 
222 0 |a Istina  |b (Prešov) 
245 0 0 |a Istina  |b mesačník Bratstva pravoslávnej mládeže na Slovensku - Syndesmos 
260 |a Prešov  |b Bratstvo pravoslávnej mládeže na Slovensku - SYNDESMOS  |c 1994- 
300 |a zv.  |c 21 cm 
310 |a 1x mesačne 
362 0 |a Roč. 1 (1994)-roč. 3, č. 2 (1996) ; roč. 4 (1999)-  |z SKP/2011 
500 |a Šéfredaktor: 2000-2004, Soroka, Peter ; 1/2005-12/2005, Ján Pilko ; 2006-2007, Marek Kundis ; 2008-2009, Anna Dercová ; 2010-2012 , Lenka Kimaková ; 2013, Peter Polakovič ; 2014-2015, Miroslav Knap ; 2016-?, Maroš Hopta ; máj/2018-2020 , Zuzana Petrovajová; 3/2021-, Kamil Kurťak 
500 |a Do r. 2000 vychádza ako príloha časopisu: Odkaz sv. Cyrila a Metoda 
500 |a Od č. júl (2017) dočasne pozastavené vydávanie časopisu 
500 |a Evidenčné číslo: EV 3633/09 
500 |a Podnázov na titulnej strana sa mení: časopis pravoslávnej mládeže 
500 |a V roku 1998 nevychádzal 
515 |a Niektoré čísla vychádzajú ako dvojčíslo 
515 |a Č. jan. (2017) vydané s č. dec. (2016) 
515 |a Na obálke prelomového čísla dec. 2016/jan. 2017 je uvedené č. 10 a v tiráži je uvedená periodicita 10x ročne, ale v r. 2017 už je v tiráži uvedená periodicita 12x ročne ; v r. 2019 tiráži uvedený roč. XXIIV/2019, správne má byť roč. XXIV/2019 
546 |a Text aj v ukrajinčine 
650 0 7 |a pravoslávne cirkvi  |2 SNKPH  |9 84045 
650 0 7 |a mládež  |2 SNKPH  |9 1575 
650 0 7 |a kresťanský život  |2 SNKPH  |9 1808 
655 7 |a náboženské časopisy  |2 SNKPH  |9 70790 
700 1 |a Soroka, Peter,  |c ThDr.,  |4 pbd  |9 270462 
700 1 |a Kundis, Marek  |4 pbd  |9 270463 
700 1 |a Kimaková, Lenka  |4 pbd  |9 270464 
700 1 |a Pilko, Ján,  |d 1980-  |4 pbd  |9 215063 
700 1 |a Dercová, Anna  |4 pbd  |9 270465 
700 1 |a Polakovič Peter  |4 pbd  |9 270466 
700 1 |a Knap, Miroslav  |4 pbd  |9 270467 
700 1 |a Hopta, Maroš  |4 pbd  |9 270468 
700 1 |a Petrovajová, Zuzana  |4 pbd  |9 270469 
700 1 |a Kurťak, Kamil  |4 pbd  |9 270470 
772 0 |t Odkaz sv. Cyrila a Metoda  |x 0139-9012  |w vtls001467606 
852 |a Štátna vedecká knižnica v Banskej Bystrici 
856 4 1 |u www.bpmorthodox.sk/istina 
856 4 1 |u https://pcostrazske.mkpe.sk/bibliografia/kompletne-cisla-vo-formate-pdf/ 
910 |a snk 
910 |a savuk 
916 |a 2000-2013, 2014-2017, 2018, 2019, 2020 
999 |c 6941  |d 8871 
952 |t č. 1-12  |a SNK  |b SNK  |y PREZ  |7 0  |p 17A1523392  |o snkČSC 3544/28/2023  |i snk2024/7843  |8 0  |0 0  |1 0  |4 0  |d 2024-05-17  |l 0  |r 2026-02-21 19:48:37  |w 2026-02-21 
952 |t č. 1-12  |a SNK  |b SNK  |y PREZ  |7 0  |p 17A1523393  |o snkČSC 3544/28/2023 D1  |i snk2024/7844  |8 0  |0 0  |1 0  |4 0  |d 2024-05-17  |l 0  |r 2026-02-21 19:48:37  |w 2026-02-21 
952 |t č. 1-12  |a SNK  |b SNK  |y PREZ  |7 0  |p 17A1522168  |o snkČSC 3544/27/2022  |i snk2023/17471  |8 0  |0 0  |1 0  |4 0  |d 2023-11-30  |l 0  |r 2026-02-21 19:50:02  |w 2026-02-21 
952 |t č. 1-12  |a SNK  |b SNK  |y PREZ  |7 0  |p 17A1522169  |o snkČSC 3544/27/2022 D1  |i snk2023/17473  |8 0  |0 0  |1 0  |4 0  |d 2023-11-30  |l 0  |r 2026-02-21 19:50:02  |w 2026-02-21 
952 |t č. 1-12, neúplné  |a SNK  |b SNK  |y PREZ  |7 0  |p 17A1461004  |o snkČSC 3544/25/2020  |i snk2021/14545  |8 0  |z Chýba č. 9 ; Chýbajúce číslo iba v PDF formáte v Odd. spracovania seriálov  |f 1  |0 0  |1 0  |4 0  |d 2021-10-05  |l 0  |r 2026-02-21 20:00:58  |w 2026-02-21 
952 |t č. 1-12  |a SNK  |b SNK  |y PREZ  |7 3  |p 17A1558962  |o snkČSC 3544/29/2024  |i snk2026/1941  |8 0  |0 0  |1 0  |4 0  |d 2026-02-05  |l 0  |r 2026-02-21 20:02:56  |w 2026-02-21 
952 |t č. 1-12  |a SNK  |b SNK  |c SNK_KF  |y PREZ  |7 0  |p 17A1558963  |o snkČSC 3544/29/2024 D1  |i snk2026/1949  |8 0  |0 0  |1 0  |4 0  |d 2026-02-05  |l 0  |r 2026-02-21 20:02:56  |w 2026-02-21 
952 |t č. 1-12  |a SNK  |b SNK  |y PREZ  |7 3  |p 17A1558964  |o snkČSC 3544/30/2025  |i snk2026/1950  |8 0  |0 0  |1 0  |4 0  |d 2026-02-05  |l 0  |r 2026-02-21 20:03:02  |w 2026-02-21 
952 |t č. jan.-dec., neúplné  |a SNK  |b SNK  |y PREZ  |7 0  |p 17A1464326  |o snkČSC 3544/24/2019 D1  |i snk2022/16828  |8 0  |z Chýba č. jún ; ; V tiráži uvedený roč. XXIIV/2019 ; Chýbajúce číslo iba v PDF formáte v Odd. spracovania seriálov  |0 0  |1 0  |4 0  |d 2022-11-08  |l 0  |r 2026-02-21 20:12:52  |w 2026-02-21 
952 |t č. 1-12, neúplné  |a SNK  |b SNK  |y PREZ  |7 0  |p 17A1464327  |o snkČSC 3544/25/2020 D1  |i snk2022/16829  |8 0  |z Chýba č. 9 ; Chýbajúce číslo iba v PDF formáte v Odd. spracovania seriálov  |0 0  |1 0  |4 0  |d 2022-11-08  |l 0  |r 2026-02-21 20:12:52  |w 2026-02-21 
952 |t č. 1-12, neúplné  |a SNK  |b SNK  |y NEVYP  |7 3  |p 17A1464771  |o snkČSC 3544/26/2021 D1  |i snk2022/18019  |8 0  |z Chýba č. 12  |0 0  |1 0  |4 0  |d 2022-12-02  |l 0  |r 2026-02-21 20:17:57  |w 2026-02-21 
952 |t č. 1-12, neúplné  |a SNK  |b SNK  |y PREZ  |7 0  |p 17A1464844  |o snkČSC 3544/26/2021  |i snk2022/17400  |8 0  |z Chýba č. 12  |0 0  |1 0  |4 0  |d 2022-11-22  |l 0  |r 2026-02-21 20:18:01  |w 2026-02-21 
952 |t č. 1-12, neúplný  |a SNK  |b SNK  |y PREZ  |7 0  |p 17A0869829  |o snkČSC 3544/13/2008  |i snk2014/16996  |8 0  |z chýba č. 2, 3 ;   |f 1  |0 0  |1 0  |4 0  |d 2014-08-13  |l 0  |r 2026-02-21 21:33:28  |w 2026-02-21 
952 |t č. 1-12, neúplný  |a SNK  |b SNK  |y PREZ  |7 0  |p 17A0869830  |o snkČSC 3544/13/2008 D1  |i snk2014/16997  |8 0  |z chýba č. 2, 3  |0 0  |1 0  |4 0  |d 2014-08-13  |l 0  |r 2026-02-21 21:33:28  |w 2026-02-21 
952 |t č. 1-12  |a SNK  |b SNK  |y PREZ  |7 0  |p 17A0869831  |o snkČSC 3544/14/2009  |i snk2014/16998  |8 0  |f 1  |0 0  |1 0  |4 0  |d 2014-08-13  |l 0  |r 2026-02-21 21:33:28  |w 2026-02-21 
952 |t č. 1-12  |a SNK  |b SNK  |y PREZ  |7 0  |p 17A0869832  |o snkČSC 3544/14/2009 D1  |i snk2014/16999  |8 0  |0 0  |1 0  |4 0  |d 2014-08-13  |l 0  |r 2026-02-21 21:33:29  |w 2026-02-21 
952 |t č. 1-12, neúplný  |a SNK  |b SNK  |y PREZ  |7 0  |p 17A0869833  |o snkČSC 3544/15/2010  |i snk2014/17000  |8 0  |z chýba č. 4  |f 1  |0 0  |1 0  |4 0  |d 2014-08-13  |l 0  |r 2026-02-21 21:33:29  |w 2026-02-21 
952 |t č. 1-12, neúplný  |a SNK  |b SNK  |y PREZ  |7 0  |p 17A0869834  |o snkČSC 3544/15/2010 D1  |i snk2014/17001  |8 0  |z chýba č. 4  |0 0  |1 0  |4 0  |d 2014-08-13  |l 0  |r 2026-02-21 21:33:29  |w 2026-02-21 
952 |t č. 1-12  |a SNK  |b SNK  |y PREZ  |7 0  |p 17A0869835  |o snkČSC 3544/16/2011  |i snk2014/17002  |8 0  |f 1  |0 0  |1 0  |4 0  |d 2014-08-13  |l 0  |r 2026-02-21 21:33:29  |w 2026-02-21 
952 |t č. 1-12  |a SNK  |b SNK  |y PREZ  |7 0  |p 17A0869836  |o snkČSC 3544/16/2011 D1  |i snk2014/17003  |8 0  |0 0  |1 0  |4 0  |d 2014-08-13  |l 0  |r 2026-02-21 21:33:29  |w 2026-02-21 
952 |t č. 1-12  |a SNK  |b SNK  |y PREZ  |7 0  |p 17A0869837  |o snkČSC 3544/17/2012  |i snk2014/17004  |8 0  |f 1  |0 0  |1 0  |4 0  |d 2014-08-13  |l 0  |r 2026-02-21 21:33:29  |w 2026-02-21 
952 |t č. 1-12  |a SNK  |b SNK  |y PREZ  |7 0  |p 17A0869838  |o snkČSC 3544/17/2012 D1  |i snk2014/17005  |8 0  |0 0  |1 0  |4 0  |d 2014-08-13  |l 0  |r 2026-02-21 21:33:29  |w 2026-02-21 
952 |t č. 1-12, neúplný  |a SNK  |b SNK  |y PREZ  |7 0  |p 17A0869839  |o snkČSC 3544/18/2013  |i snk2014/17006  |8 0  |z chýba č. 4, 9  |f 1  |0 0  |1 0  |4 0  |d 2014-08-13  |l 0  |r 2026-02-21 21:33:29  |w 2026-02-21 
952 |t č. 1-12, neúplný  |a SNK  |b SNK  |y PREZ  |7 0  |p 17A0869840  |o snkČSC 3544/18/2013 D1  |i snk2014/17007  |8 0  |z chýba č. 4, 9  |0 0  |1 0  |4 0  |d 2014-08-13  |l 0  |r 2026-02-21 21:33:29  |w 2026-02-21 
952 |t č. 1-12  |a SNK  |b SNK  |y PREZ  |7 0  |p 17A0869818  |o snkČSC 3544/7/2002 D1  |i snk2014/16972  |8 0  |0 0  |1 0  |4 0  |d 2014-08-12  |l 0  |r 2026-02-21 21:41:24  |w 2026-02-21 
952 |t č. 5-8  |a SNK  |b SNK  |y PREZ  |7 0  |p 17A0869813  |o snkČSC 3544/5/2000  |i snk2014/16935  |8 0  |f 1  |0 0  |1 0  |4 0  |d 2014-08-12  |l 0  |r 2026-02-21 21:44:02  |w 2026-02-21 
952 |t č. 5-8  |a SNK  |b SNK  |y PREZ  |7 0  |p 17A0869814  |o snkČSC 3544/5/2000 D1  |i snk2014/16942  |8 0  |0 0  |1 0  |4 0  |d 2014-08-12  |l 0  |r 2026-02-21 21:44:02  |w 2026-02-21 
952 |t č. 1-12, neúplný  |a SNK  |b SNK  |y PREZ  |7 0  |p 17A0869815  |o snkČSC 3544/6/2001  |i snk2014/16957  |8 0  |z chýba č. 10  |f 1  |0 0  |1 0  |4 0  |d 2014-08-12  |l 0  |r 2026-02-21 21:44:06  |w 2026-02-21 
952 |t č. 1-12, neúplný  |a SNK  |b SNK  |y PREZ  |7 0  |p 17A0869816  |o snkČSC 3544/6/2001 D1  |i snk2014/16959  |8 0  |z chýba č. 10  |0 0  |1 0  |4 0  |d 2014-08-12  |l 0  |r 2026-02-21 21:44:06  |w 2026-02-21 
952 |t č. 1-12  |a SNK  |b SNK  |y PREZ  |7 0  |p 17A0869817  |o snkČSC 3544/7/2002  |i snk2014/16962  |8 0  |f 1  |0 0  |1 0  |4 0  |d 2014-08-12  |l 0  |r 2026-02-21 21:44:06  |w 2026-02-21 
952 |t č. 1-12  |a SNK  |b SNK  |y PREZ  |7 0  |p 17A0869819  |o snkČSC 3544/8/2003  |i snk2014/16986  |8 0  |f 1  |0 0  |1 0  |4 0  |d 2014-08-12  |l 0  |r 2026-02-21 21:44:06  |w 2026-02-21 
952 |t č. 1-12  |a SNK  |b SNK  |y PREZ  |7 0  |p 17A0869820  |o snkČSC 3544/8/2003 D1  |i snk2014/16987  |8 0  |0 0  |1 0  |4 0  |d 2014-08-12  |l 0  |r 2026-02-21 21:44:06  |w 2026-02-21 
952 |t č. 1-12, neúplné  |a SNK  |b SNK  |y PREZ  |7 0  |p 17A0869821  |o snkČSC 3544/9/2004  |i snk2014/16988  |8 0  |z chýba č. 1  |f 1  |0 0  |1 0  |4 0  |d 2014-08-12  |l 0  |r 2026-02-21 21:44:07  |w 2026-02-21 
952 |t č. 1-12, neúplné  |a SNK  |b SNK  |y PREZ  |7 0  |p 17A0869822  |o snkČSC 3544/9/2004 D1  |i snk2014/16989  |8 0  |z chýba č. 1  |0 0  |1 0  |4 0  |d 2014-08-12  |l 0  |r 2026-02-21 21:44:07  |w 2026-02-21 
952 |t č. 1-12, neúplný  |a SNK  |b SNK  |y PREZ  |7 0  |p 17A0869823  |o snkČSC 3544/10/2005  |i snk2014/16990  |8 0  |z chýba č. 7-8  |f 1  |0 0  |1 0  |4 0  |d 2014-08-12  |l 0  |r 2026-02-21 21:44:07  |w 2026-02-21 
952 |t č. 1-12, neúplný  |a SNK  |b SNK  |y PREZ  |7 0  |p 17A0869824  |o snkČSC 3544/10/2005 D1  |i snk2014/16991  |8 0  |z chýba č. 7-8  |0 0  |1 0  |4 0  |d 2014-08-12  |l 0  |r 2026-02-21 21:44:07  |w 2026-02-21 
952 |t č. 1-12  |a SNK  |b SNK  |y PREZ  |7 0  |p 17A0869825  |o snkČSC 3544/11/2006  |i snk2014/16992  |8 0  |f 1  |0 0  |1 0  |4 0  |d 2014-08-12  |l 0  |r 2026-02-21 21:44:07  |w 2026-02-21 
952 |t č. 1-12  |a SNK  |b SNK  |y PREZ  |7 0  |p 17A0869826  |o snkČSC 3544/11/2006 D1  |i snk2014/16993  |8 0  |0 0  |1 0  |4 0  |d 2014-08-12  |l 0  |r 2026-02-21 21:44:07  |w 2026-02-21 
952 |t č. 1-12, neúplný  |a SNK  |b SNK  |y PREZ  |7 0  |p 17A0869827  |o snkČSC 3544/12/2007  |i snk2014/16994  |8 0  |z chýba č. 2  |f 1  |0 0  |1 0  |4 0  |d 2014-08-12  |l 0  |r 2026-02-21 21:44:07  |w 2026-02-21 
952 |t č. 1-12, neúplný  |a SNK  |b SNK  |y PREZ  |7 0  |p 17A0869828  |o snkČSC 3544/12/2007 D1  |i snk2014/16995  |8 0  |z chýba č. 2  |0 0  |1 0  |4 0  |d 2014-08-12  |l 0  |r 2026-02-21 21:44:07  |w 2026-02-21 
952 |t č. 1-12, neúplné  |a SNK  |b SNK  |y PREZ  |7 0  |p 17A1267752  |o snkČSC 3544/19/2014  |i snk2018/5646  |8 0  |z Chýba č. 2, 6  |f 1  |0 0  |1 0  |4 0  |d 2018-03-07  |l 0  |r 2026-02-21 21:49:24  |w 2026-02-21 
952 |t č. 1-12, neúplné  |a SNK  |b SNK  |y PREZ  |7 0  |p 17A1267751  |o snkČSC 3544/19/2014 D1  |i snk2018/5647  |8 0  |z Chýba č. 2, 6  |0 0  |1 0  |4 0  |d 2018-03-07  |l 0  |r 2026-02-21 21:49:24  |w 2026-02-21 
952 |t č. 1-12  |a SNK  |b SNK  |y PREZ  |7 0  |p 17A1267750  |o snkČSC 3544/20/2015  |i snk2018/5649  |8 0  |f 1  |0 0  |1 0  |4 0  |d 2018-03-07  |l 0  |r 2026-02-21 21:49:24  |w 2026-02-21 
952 |t č. 1-12  |a SNK  |b SNK  |y PREZ  |7 0  |p 17A1267749  |o snkČSC 3544/20/2015 D1  |i snk2018/5650  |8 0  |0 0  |1 0  |4 0  |d 2018-03-07  |l 0  |r 2026-02-21 21:49:24  |w 2026-02-21 
952 |t č. jan.-dec./jan.  |a SNK  |b SNK  |y PREZ  |7 0  |p 17A1267748  |o snkČSC 3544/21/2016-2017  |i snk2018/5658  |8 0  |z Prelomové č. dec./jan. je na obálke označené ako č. 10 ; Na obálke uvádzajú slovné číslovanie jednotlivých čísiel časopisu  |f 1  |0 0  |1 0  |4 0  |d 2018-03-07  |l 0  |r 2026-02-21 21:49:24  |w 2026-02-21 
952 |t č. jan.-dec./jan.  |a SNK  |b SNK  |y PREZ  |7 0  |p 17A1267747  |o snkČSC 3544/21/2016-2017 D1  |i snk2018/5667  |8 0  |z Prelomové číslo dec./jan je na obálke označené ako č. 10 ; Na obálke uvádzajú slovné číslovanie jednotlivých čísiel časopisu  |0 0  |1 0  |4 0  |d 2018-03-07  |l 0  |r 2026-02-21 21:49:24  |w 2026-02-21 
952 |t č. febr.-jún  |a SNK  |b SNK  |y PREZ  |7 0  |p 17A1267746  |o snkČSC 3544/22/2017  |i snk2018/5672  |8 0  |z Č. jan. vyšlo s č. dec. predchádzajúceho roku ; Od č. júl dočasne pozastavené vyd. časopisu  |f 1  |0 0  |1 0  |4 0  |d 2018-03-07  |l 0  |r 2026-02-21 21:49:24  |w 2026-02-21 
952 |t č. febr.-jún, neúplné  |a SNK  |b SNK  |y PREZ  |7 0  |p 17A1267745  |o snkČSC 3544/22/2017 D1  |i snk2018/5674  |8 0  |z Chýba č. jún ; Č. jan. vyšlo s č. dec. predchádzajúceho roku ; Od č. júl dočasne pozastavené vydávanie časopisu ;   |0 0  |1 0  |4 0  |d 2018-03-07  |l 0  |r 2026-02-21 21:49:24  |w 2026-02-21 
952 |t č. jan.-dec., neúplné  |a SNK  |b SNK  |y PREZ  |7 0  |p 17A1366508  |o snkČSC 3544/23/2018  |i snk2019/11687  |8 0  |z Chýba č. apr., sept.  |f 1  |0 0  |1 0  |4 0  |d 2019-04-24  |l 0  |r 2026-02-21 21:58:38  |w 2026-02-21 
952 |t č. jan.-dec., neúplné  |a SNK  |b SNK  |y PREZ  |7 0  |p 17A1366509  |o snkČSC 3544/23/2018 D1  |i snk2019/11695  |8 0  |z Chýba č. apr., júl -august, sept.  |0 0  |1 0  |4 0  |d 2019-04-24  |l 0  |r 2026-02-21 21:58:38  |w 2026-02-21 
952 |t č. jan.-dec., neúplné  |a SNK  |b SNK  |y PREZ  |7 0  |p 17A1431769  |o snkČSC 3544/24/2019  |i snk2020/17416  |8 0  |z Chýba jún ; ; V tiráži uvedený roč. XXIIV/2019 ; Chýbajúce číslo iba v PDF formáte v Odd. spracovania seriálov  |f 1  |0 0  |1 0  |4 0  |d 2020-09-30  |l 0  |r 2026-02-21 22:16:06  |w 2026-02-21